Evolución de las exportaciones en la década de 1990
Enregistré dans:
| Format: | Texte |
|---|---|
| Sujets: | |
| Tags: |
Ajouter un tag
Pas de tags, Soyez le premier à ajouter un tag!
|
MARC
| LEADER | 00000 a a2200000 04500 | ||
|---|---|---|---|
| 001 | 6260 | ||
| 003 | |||
| 040 | |||
| 245 | |a Evolución de las exportaciones en la década de 1990 | ||
| 650 | |a REFORMA ECONOMICA | ||
| 650 | |a EXPORTACIONES | ||
| 650 | |a REMESAS | ||
| 650 | |a SECTOR TERCIARIO | ||
| 650 | |a PRODUCCION | ||
| 650 | |a ECONOMIA | ||
| 650 | |a EL SALVADOR | ||
| 773 | |g volumen 19, número 819; páginas 4-6 | ||
| 999 | |c 29677 |d 29677 | ||
